| 000 | 00715nam a2200265 4500 | ||
|---|---|---|---|
| 001 | 2018 | ||
| 010 | _a9789897891342 | ||
| 021 |
_aPT _b541999/25 |
||
| 090 | _a2018 | ||
| 100 | _a20251215d2025 m||y0pory50030103ba | ||
| 101 | _apor | ||
| 102 | _aPT | ||
| 200 |
_aA viúva do médico _fDaniel Hurst _gtrad. Alberto Gomes |
||
| 205 | _a1ª edição | ||
| 210 |
_aPorto _cSingular _d2025 |
||
| 215 |
_a213, [2] p. _d24 cm |
||
| 300 | _aBMB-Registado | ||
| 304 | _aTít. orig.: The doctor's widow | ||
| 606 |
_9824 _aLiteratura Inglesa |
||
| 606 |
_9778 _aRomance Policial |
||
| 675 |
_a821.111-312.4 _vBMB _zpor |
||
| 700 |
_aHurst _bDaniel _92889 |
||
| 702 |
_92890 _aGomes _bAlberto _4730 |
||
| 801 |
_aPT _bBMB _gRPC |
||
| 990 | _cLIVROS | ||